<?xml version="1.0" encoding="UTF-8"?><?xml-stylesheet type="text/xsl" href="static/style.xsl"?><OAI-PMH xmlns="http://www.openarchives.org/OAI/2.0/" xmlns:xsi="http://www.w3.org/2001/XMLSchema-instance" xsi:schemaLocation="http://www.openarchives.org/OAI/2.0/ http://www.openarchives.org/OAI/2.0/OAI-PMH.xsd"><responseDate>2026-04-13T03:56:29Z</responseDate><request verb="GetRecord" identifier="oai:www.recercat.cat:11351/13362" metadataPrefix="marc">https://recercat.cat/oai/request</request><GetRecord><record><header><identifier>oai:recercat.cat:11351/13362</identifier><datestamp>2025-10-24T10:59:45Z</datestamp><setSpec>com_2072_451665</setSpec><setSpec>com_2072_378040</setSpec><setSpec>col_2072_451666</setSpec></header><metadata><record xmlns="http://www.loc.gov/MARC21/slim" xmlns:dcterms="http://purl.org/dc/terms/" xmlns:xsi="http://www.w3.org/2001/XMLSchema-instance" xmlns:doc="http://www.lyncode.com/xoai" xsi:schemaLocation="http://www.loc.gov/MARC21/slim http://www.loc.gov/standards/marcxml/schema/MARC21slim.xsd">
   <leader>00925njm 22002777a 4500</leader>
   <datafield ind2=" " ind1=" " tag="042">
      <subfield code="a">dc</subfield>
   </datafield>
   <datafield ind2=" " ind1=" " tag="720">
      <subfield code="a">Cardona Roca, Laura</subfield>
      <subfield code="e">author</subfield>
   </datafield>
   <datafield ind2=" " ind1=" " tag="720">
      <subfield code="a">Borràs Trias, Laura</subfield>
      <subfield code="e">author</subfield>
   </datafield>
   <datafield ind2=" " ind1=" " tag="720">
      <subfield code="a">Bueno Uceda, Rosario</subfield>
      <subfield code="e">author</subfield>
   </datafield>
   <datafield ind2=" " ind1=" " tag="720">
      <subfield code="a">Siles, Adrià</subfield>
      <subfield code="e">author</subfield>
   </datafield>
   <datafield ind2=" " ind1=" " tag="720">
      <subfield code="a">Vilariño Seijas, Adrián</subfield>
      <subfield code="e">author</subfield>
   </datafield>
   <datafield ind2=" " ind1=" " tag="720">
      <subfield code="a">Rudi Sola, Nuria</subfield>
      <subfield code="e">author</subfield>
   </datafield>
   <datafield ind2=" " ind1=" " tag="720">
      <subfield code="a">Seguí-Solanes, Carlos</subfield>
      <subfield code="e">author</subfield>
   </datafield>
   <datafield ind2=" " ind1=" " tag="260">
      <subfield code="c">2025-07-07T10:37:18Z</subfield>
   </datafield>
   <datafield ind2=" " ind1=" " tag="260">
      <subfield code="c">2025-07-07T10:37:18Z</subfield>
   </datafield>
   <datafield ind2=" " ind1=" " tag="260">
      <subfield code="c">2025-05-03</subfield>
   </datafield>
   <datafield ind2=" " ind1=" " tag="520">
      <subfield code="a">Non-uremic calciphylaxis; Sodium thiosulfate; Ulcer</subfield>
   </datafield>
   <datafield ind2=" " ind1=" " tag="520">
      <subfield code="a">Calcifilaxi no urèmica; Tiosulfat de sodi; Úlcera</subfield>
   </datafield>
   <datafield ind2=" " ind1=" " tag="520">
      <subfield code="a">Calcifilaxis no urémica; Tiosulfato de sodio; Úlcera</subfield>
   </datafield>
   <datafield ind2=" " ind1=" " tag="520">
      <subfield code="a">Objectives: To describe the results obtained in terms of effectiveness and safety of intravenous sodium thiosulfate in patients diagnosed with non-uremic calciphylaxis, to identify and analyse possible etiological factors of the disease, and to determine the associated morbidity and mortality. &#xd;
Method: A multicenter and retrospective study was conducted with patients diagnosed with non-uremic calciphylaxis who received intravenous sodium thiosulfate between 2013 and 2023. Effectiveness was evaluated based on the status of the ulcers at the end of treatment, and safety was assessed according to the main reported adverse effects and the need for dosage adjustment.&#xd;
Results: A total of 33 patients from three university hospitals were evaluated (93.9% Caucasian, 78.8% women, mean age 80 [SD 8.1] years) with non-uremic calciphylaxis confirmed by skin biopsy. The localization pattern was 90.9% distal. The following complementary therapeutic measures were undertaken: topical wound care, removal of precipitating factors (mainly vitamin D supplements and vitamin K antagonists), medications to reduce calcification (bisphosphonates, cinacalcet), and techniques to promote ulcer healing. The main associated factors for developing calciphylaxis were: non-uremic chronic kidney disease (81.8%), vitamin D supplementation (72.7%), and hypoalbuminemia (66.7%). The most commonly used sodium thiosulfate dosage was 25 g (n = 26) three times per week (n = 28) intravenously, with a median treatment duration of 11.4 (IQR 5.7-18) weeks. A complete resolution or improvement of the ulcers was achieved in 78.8% of the cases. Adverse effects were observed in 96.7% of patients, with the most common being metabolic acidosis (n = 19) and nausea and/or vomiting (n = 18). Dosage adjustments due to toxicity were necessary in 9% of cases. The significant morbidity rate was 69.7% (n = 23). The main complications were: 57.6% ulcer superinfection and 24,3% poor pain control. The overall mortality rate was 66.7%; 42.4% within the first 6 months after diagnosis and 39.4% secondary to non-uremic calciphylaxis.&#xd;
Conclusions: Sodium thiosulfate shows a potential benefit in the treatment of ulcers due to non-uremic calciphylaxis, with a similar safety profile to that reported for uremic calciphylaxis, considering the high morbidity and mortality associated with the condition. Further studies are needed to determine its efficacy and assess the specific contribution of the different treatments used.</subfield>
   </datafield>
   <datafield ind1="8" ind2=" " tag="024">
      <subfield code="a">http://hdl.handle.net/11351/13362</subfield>
   </datafield>
   <datafield tag="653" ind2=" " ind1=" ">
      <subfield code="a">Calcificació</subfield>
   </datafield>
   <datafield tag="653" ind2=" " ind1=" ">
      <subfield code="a">Úlceres</subfield>
   </datafield>
   <datafield tag="653" ind2=" " ind1=" ">
      <subfield code="a">Tiosulfats</subfield>
   </datafield>
   <datafield tag="653" ind2=" " ind1=" ">
      <subfield code="a">DISEASES::Nutritional and Metabolic Diseases::Metabolic Diseases::Calcium Metabolism Disorders::Calcinosis::Calciphylaxis</subfield>
   </datafield>
   <datafield tag="653" ind2=" " ind1=" ">
      <subfield code="a">CHEMICALS AND DRUGS::Inorganic Chemicals::Electrolytes::Ions::Anions::Sulfates::Thiosulfates</subfield>
   </datafield>
   <datafield tag="653" ind2=" " ind1=" ">
      <subfield code="a">DISEASES::Pathological Conditions, Signs and Symptoms::Pathologic Processes::Ulcer</subfield>
   </datafield>
   <datafield tag="653" ind2=" " ind1=" ">
      <subfield code="a">ENFERMEDADES::enfermedades nutricionales y metabólicas::enfermedades metabólicas::trastornos del metabolismo del calcio::calcinosis::calcifilaxia</subfield>
   </datafield>
   <datafield tag="653" ind2=" " ind1=" ">
      <subfield code="a">COMPUESTOS QUÍMICOS Y DROGAS::compuestos inorgánicos::electrólitos::iones::aniones::sulfatos::tiosulfatos</subfield>
   </datafield>
   <datafield tag="653" ind2=" " ind1=" ">
      <subfield code="a">ENFERMEDADES::afecciones patológicas, signos y síntomas::procesos patológicos::úlcera</subfield>
   </datafield>
   <datafield ind2="0" ind1="0" tag="245">
      <subfield code="a">Análisis retrospectivo multicéntrico del tiosulfato sódico como tratamiento de la calcifilaxis no urémica</subfield>
   </datafield>
   <datafield ind2="0" ind1="0" tag="245">
      <subfield code="a">Multicenter retrospective analysis of sodium thiosulfate as treatment for non-uremic calciphylaxis</subfield>
   </datafield>
</record></metadata></record></GetRecord></OAI-PMH>